[Event "ARM-ch Club 2018"]
[Site "Yerevan"]
[Date "2018.06.13"]
[Round "6"]
[White "Barseghyan, Armen Ar"]
[Black "Hakobyan, Aram"]
[Result "1/2-1/2"]
[WhiteElo "2219"]
[BlackElo "2542"]
[Annotator "TA"]
[PlyCount "42"]
[EventDate "2018.??.??"]
[EventCountry "ARM"]
[SourceTitle "playchess.com"]
[Source "ChessBase"]
[SourceQuality "1"]

{[%evp 19,42,-38,0,0,3,-7,0,0,0,-11,7,0,11,0,0,0,0,0,-3,6,38,25,43,41,53]} 1. d4 Nf6 2. Nf3 b6 3. g3 Bb7 4. Bg2 g6 5. O-O Bg7 6. c4 O-O 7. Nc3 Ne4 8. Qc2 Nxc3 9. bxc3 d6 10. e4 Nd7 11. Be3 {A50: Queen's Fianchetto Defence (1 d4 Nf6 2 c4 b6)} e5 12. Rad1 Qe7 13. Nd2 {The position is equal.} f5 $146 {[#] And now ...f4 would win.} ({Predecessor:} 13... Rae8 14. f4 Nf6 15. fxe5 dxe5 16. Bg5 h6 17. Bxf6 Bxf6 18. Qd3 Bg7 {0-1 (31) Schlais,H-Frick,C (2285) Wuerttemberg 1996}) 14. f4 exd4 15. Bxd4 Nc5 16. Rfe1 {Strongly threatening Bxc5.} (16. Bxc5 {keeps more tension.} bxc5 17. Rb1 Rab8 18. Rfe1 fxe4 19. Nxe4 Bxe4 20. Bxe4 Rxb1 21. Qxb1 Qf6 22. Re3) 16... Qd7 17. Bxc5 bxc5 18. exf5 Bxg2 19. Kxg2 gxf5 20. Nf3 Rae8 21. Nh4 Re6 1/2-1/2

[Event "ARM-ch Club 2018"]
[Site "Yerevan"]
[Date "2018.06.13"]
[Round "6"]
[White "Martirosyan, Garik"]
[Black "Hayrapetyan, Hovik"]
[Result "1-0"]
[WhiteElo "2128"]
[BlackElo "2454"]
[Annotator "TA"]
[PlyCount "87"]
[EventDate "2018.??.??"]
[EventCountry "ARM"]
[SourceTitle "playchess.com"]
[Source "ChessBase"]
[SourceQuality "1"]

{[%evp 16,87,35,27,28,10,18,0,0,0,0,-1,0,0,0,0,0,0,0,0,0,0,0,0,0,0,0,0,6,5,16,5,39,39,39,33,32,30,33,35,40,42,33,18,18,13,43,17,27,23,70,66,172,108,170,170,177,177,177,181,528,508,1045,1100,1056,981,854,798,29972,29971,29971,29972,29976,29977]} 1. d4 Nf6 2. c4 g6 3. Nc3 d5 4. cxd5 Nxd5 5. Bd2 Bg7 6. e4 Nxc3 7. Bxc3 O-O 8. Qd2 b6 {D85: Exchange Grünfeld: Unusual White 7th moves and lines with 7 Nf3} 9. h4 {LiveBook: 3 Games} Bb7 10. f3 {[#]} e5 $1 {[%mdl 512] The position is equal.} 11. O-O-O $146 (11. dxe5 Qxd2+) ({Predecessor:} 11. d5 c6 12. Bc4 cxd5 13. Bxd5 Bxd5 14. exd5 Na6 15. O-O-O Qd7 16. h5 {0-1 (57) Riazantsev,A (2688)-Nepomniachtchi,I (2711) Khanty-Mansiysk 2011}) 11... exd4 12. Bxd4 Bxd4 13. Qxd4 Qxd4 14. Rxd4 Nc6 15. Rd7 Rac8 16. Nh3 Rfd8 17. Rxd8+ Rxd8 18. Bc4 Ne5 19. Be2 Kg7 20. Rd1 Rxd1+ 21. Kxd1 $11 {[%mdl 4096] Endgame KBN-KBN} Kf6 22. Kd2 Bc8 23. Nf4 Be6 (23... c6 {feels hotter.} 24. g3 Ke7 25. a3 f5 26. exf5 Bxf5 27. g4 Bd7) 24. Nxe6 Kxe6 $14 {KB-KN} 25. Ke3 f6 26. f4 Nc6 27. Bc4+ Kd6 28. Bg8 h6 29. Bf7 g5 30. g3 {[%cal Bg2g3,Bg3h4][%mdl 32]} Ke7 31. Bb3 a5 32. Bd1 b5 33. a4 b4 (33... bxa4 $14 34. hxg5 (34. Bxa4 gxf4+ 35. gxf4 Nd8 $14) 34... hxg5) 34. Kd3 $18 gxh4 (34... Na7 $16) 35. gxh4 Kd6 {[#]} 36. Kc4 $1 Na7 37. Bg4 c6 $2 (37... Ke7 38. Kd5 Kf7) 38. Bh3 c5 {[#]} (38... b3 $142 39. Kxb3 c5) 39. e5+ $1 {[%mdl 512]} fxe5 40. fxe5+ {[%cal Bf4e5,Be5e6][%mdl 32]} Kc6 41. Bg4 Kb6 42. Bd7 {White mates.} Kc7 43. e6 Kd6 44. h5 {Precision: White = 86%, Black = 36%.} 1-0

[Event "ARM-ch Club 2018"]
[Site "Yerevan"]
[Date "2018.06.13"]
[Round "6"]
[White "Shmavonyan, Areg"]
[Black "Bakunts, Rafael"]
[Result "0-1"]
[WhiteElo "2103"]
[BlackElo "2395"]
[Annotator "NA"]
[PlyCount "92"]
[EventDate "2018.??.??"]
[EventCountry "ARM"]
[SourceTitle "playchess.com"]
[Source "ChessBase"]
[SourceQuality "1"]
[TimeControl "5400+30"]

1. e4 {[%emt 0:00:00]} e5 {[%emt 0:05:08]} 2. Nf3 {[%emt 0:00:00]} Nc6 {[%emt 0:00:06]} 3. Bb5 {[%emt 0:00:04]} a6 {[%emt 0:00:05]} 4. Ba4 {[%emt 0:00:04]} Nf6 {[%emt 0:00:03]} 5. d3 {[%emt 0:00:04]} b5 {[%emt 0:00:05]} 6. Bb3 {[%emt 0:00:03]} Bc5 {[%emt 0:00:07]} 7. c3 {[%emt 0:01:04]} d6 {[%emt 0:02:20]} 8. O-O {[%emt 0:00:07]} h6 {[%emt 0:05:05]} 9. Nbd2 {[%emt 0:09:19] C78: Ruy Lopez: Archangelsk and Möller Defences} (9. Re1 O-O 10. Nbd2 Ne7 11. a4 b4 12. d4 bxc3 13. bxc3 exd4 14. cxd4 Bb4 15. Re3 Ng6 16. h3 a5 {0-1 (65) Zhigalko,S (2638)-Giri,A (2762) Heraklio 2017}) 9... O-O {[%emt 0:00:30] LiveBook: 28 Games} 10. h3 {[%emt 0:00:49]} Bb6 {[%emt 0:01:14]} 11. Re1 {[%emt 0:00:13]} Na5 {[%emt 0:00:05]} 12. Bc2 {[%emt 0:00:11]} c5 {[%emt 0:00:04]} 13. Nf1 {[%emt 0:04:24]} Nc6 {[%emt 0:00:09]} 14. Ng3 {[%emt 0:02:43]} Re8 {[%emt 0:04:03]} 15. Nh2 {[%emt 0:04:47]} Ne7 {[%emt 0:06:26]} 16. Ng4 $146 {[%emt 0:08:58]} ({Predecessor:} 16. Nhf1 d5 17. Ne3 d4 18. cxd4 exd4 19. Ng4 Nxg4 20. hxg4 {0-1 (33) Castin,A (1836)-Karpatchev,A (2491) Saint Affrique 2009}) 16... Nh7 {[%emt 0:06:14]} 17. Bb3 {[%emt 0:13:13]} Be6 $16 {[%emt 0:05:17]} (17... Ng6 $14) 18. Bxe6 {[%emt 0:09:05]} fxe6 {[%emt 0:03:25]} 19. Bxh6 {[%emt 0:08:16]} gxh6 {[%emt 0:02:55]} 20. Nh5 {[%emt 0:00:23]} Ng6 {[%emt 0:10:49]} 21. Nxh6+ {[%emt 0:01:43]} Kf8 {[%emt 0:00:10]} 22. Qf3+ {[%emt 0:01:46]} Nf4 {[%emt 0:00:15]} 23. Nxf4 {[%emt 0:02:20]} exf4 {[%emt 0:00:17]} 24. Qxf4+ {[%emt 0:00:06]} Kg7 {[%emt 0:20:03]} 25. Re3 Ng5 {[%emt 0:10:45]} 26. h4 {[%emt 0:15:30]} Kxh6 {[%emt 0:00:36]} 27. Rg3 {[%emt 0:07:36]} Rg8 {[%emt 0:03:00]} 28. hxg5+ {[%emt 0:03:15]} Kg7 {[%emt 0:00:40]} 29. e5 {[%emt 0:05:23]} Bc7 {[%emt 0:00:16]} 30. Qg4 {[%emt 0:01:57]} dxe5 {[%emt 0:00:45]} 31. Qxe6 {[%emt 0:00:25]} Qd6 {[%emt 0:00:09]} 32. Qg4 {[%emt 0:01:11]} Raf8 {[%emt 0:00:44]} 33. Re1 {[%emt 0:00:52]} Rf4 {[%emt 0:00:21]} 34. Qe2 {[%emt 0:00:26]} Rh8 {[%emt 0:00:15]} 35. Qe3 {[%emt 0:00:32]} c4 {[%emt 0:02:03]} 36. Rd1 {[%emt 0:00:39]} Bb6 {[%emt 0:00:58]} 37. d4 {[%emt 0:00:20]} exd4 {[%emt 0:00:09]} 38. cxd4 {[%emt 0:00:25]} Bxd4 {[%emt 0:00:46]} 39. Rf3 {[%emt 0:00:43]} Bxe3 {[%emt 0:02:33]} 40. Rxd6 {[%emt 0:00:05]} Rxf3 {[%emt 0:00:07]} 41. gxf3 {[%emt 0:00:12]} Bc1 {[%emt 0:00:10]} 42. f4 {[%emt 0:01:02]} Rf8 {[%emt 0:00:50]} 43. Rxa6 {[%emt 0:00:37]} Bxb2 {[%emt 0:00:05]} 44. Ra7+ {[%emt 0:00:24]} Rf7 {[%emt 0:00:10]} 45. Ra6 {[%emt 0:00:36]} c3 {[%emt 0:00:41]} 46. Rc6 {[%emt 0:00:05]} Rxf4 {[%emt 0:00:05]} 0-1

[Event "ARM-ch Club 2018"]
[Site "Yerevan"]
[Date "2018.06.13"]
[Round "6"]
[White "Khachatryan, Anna"]
[Black "Petrosian, Davit G"]
[Result "0-1"]
[WhiteElo "1955"]
[BlackElo "2400"]
[Annotator "NA"]
[PlyCount "158"]
[EventDate "2018.??.??"]
[EventCountry "ARM"]
[SourceTitle "playchess.com"]
[Source "ChessBase"]
[SourceQuality "1"]
[TimeControl "5400+30"]

1. d4 {[%emt 0:00:00]} d6 {[%emt 0:00:26]} 2. Bf4 {[%emt 0:01:55]} g6 {[%emt 0:01:22]} 3. Nc3 {[%emt 0:03:08]} Bg7 {[%emt 0:01:34]} 4. e4 {[%emt 0:00:08]} Nc6 {[%emt 0:03:45]} 5. Nge2 {[%emt 0:05:06]} e5 {[%emt 0:18:12]} 6. Be3 {[%emt 0:12:19]} exd4 {[%emt 0:02:14]} 7. Nxd4 {[%emt 0:00:39]} Nf6 $11 {[%emt 0:00:35] LiveBook: 3 Games} 8. Be2 {[%emt 0:13:58]} O-O {[%emt 0:01:03]} 9. O-O {[%emt 0:01:53]} Re8 {[%emt 0:02:07]} 10. f3 {[%emt 0:11:35]} Ne5 {[%emt 0:20:26]} 11. Qd2 {[%emt 0:08:42]} d5 {[%emt 0:02:16]} 12. exd5 {[%emt 0:16:40]} Nxd5 {[%emt 0:00:07]} 13. Nxd5 {[%emt 0:00:08]} Qxd5 {[%emt 0:00:03]} 14. Rfd1 {[%emt 0:05:02]} Nc4 {[%emt 0:02:37]} 15. Bxc4 {[%emt 0:00:05]} Qxc4 {[%emt 0:00:05]} 16. c3 {[%emt 0:02:43]} c5 {[%emt 0:01:31]} 17. Nb3 {[%emt 0:04:06]} b6 {[%emt 0:01:11]} 18. Qf2 {[%emt 0:00:26]} Bf5 {[%emt 0:01:56]} 19. Nd2 Qa4 {[%emt 0:01:38]} 20. Nf1 {[%emt 0:04:33]} Rad8 {[%emt 0:03:09]} 21. Rxd8 {[%emt 0:00:52]} Rxd8 {[%emt 0:00:03]} 22. Ng3 {[%emt 0:00:46]} Be6 {[%emt 0:01:14]} 23. a3 {[%emt 0:02:02]} f5 {[%emt 0:03:52]} 24. Bg5 {[%emt 0:01:08]} Rd1+ {[%emt 0:05:09]} 25. Rxd1 {[%emt 0:00:05]} Qxd1+ {[%emt 0:00:06]} 26. Qf1 {[%emt 0:00:12]} Qxf1+ {[%emt 0:01:11]} 27. Kxf1 {[%emt 0:00:01]} Kf7 {[%emt 0:00:07]} 28. Bf4 {[%emt 0:02:04]} Bc4+ {[%emt 0:00:04]} 29. Ke1 {[%emt 0:00:14]} Ke6 {[%emt 0:00:04]} 30. Kd2 {[%emt 0:00:35]} Be5 {[%emt 0:05:37]} 31. Ke3 {[%emt 0:01:25]} Bf6 {[%emt 0:00:06]} 32. Bb8 {[%emt 0:00:51]} Kd7 {[%emt 0:01:02]} 33. Ne2 {[%emt 0:02:00]} a5 {[%emt 0:02:13]} 34. Nc1 {[%emt 0:00:36]} Kc6 {[%emt 0:00:50]} 35. g4 {[%emt 0:00:47]} fxg4 36. fxg4 a4 {[%emt 0:04:56]} 37. Nd3 {[%emt 0:01:07]} Be6 {[%emt 0:01:25]} 38. h3 {[%emt 0:00:29]} Bc8 {[%emt 0:03:08]} 39. Ke4 {[%emt 0:00:29]} Kb5 {[%emt 0:05:03]} 40. Ne5 {[%emt 0:00:34]} Be6 {[%emt 0:00:41]} 41. Kd3 {[%emt 0:00:32]} Bg5 {[%emt 0:01:09]} 42. c4+ {[%emt 0:00:24]} Ka6 {[%emt 0:00:10]} 43. Nf3 {[%emt 0:00:17]} Be7 {[%emt 0:00:37]} 44. Be5 {[%emt 0:00:11]} h5 {[%emt 0:00:56]} 45. gxh5 {[%emt 0:00:04]} gxh5 {[%emt 0:00:05]} 46. h4 {[%emt 0:00:13]} Bg4 {[%emt 0:00:50]} 47. Ng5 {[%emt 0:00:02]} Kb7 {[%emt 0:00:17]} 48. Ke4 {[%emt 0:00:54]} Kc6 {[%emt 0:00:26]} 49. Ke3 {[%emt 0:00:14]} Kd7 {[%emt 0:01:27]} 50. Kd3 {[%emt 0:00:31]} Bf5+ {[%emt 0:01:15]} 51. Ke3 {[%emt 0:00:08]} Kc6 {[%emt 0:00:07]} 52. Kd2 {[%emt 0:00:22]} Bg6 {[%emt 0:00:49]} 53. Kc3 {[%emt 0:00:05]} Bd6 {[%emt 0:01:13]} 54. Bxd6 {[%emt 0:01:37]} Kxd6 {[%emt 0:00:02]} 55. Kd2 {[%emt 0:00:05]} Ke5 {[%emt 0:00:18]} 56. Ke3 {[%emt 0:00:02]} Kf5 {[%emt 0:02:03]} 57. Kf3 {[%emt 0:00:00]} Be8 {[%emt 0:00:28]} 58. Kg3 {[%emt 0:00:27]} Ke5 {[%emt 0:00:55]} 59. Nh7 {[%emt 0:00:32]} Bf7 {[%emt 0:02:21]} 60. Nf8 {[%emt 0:00:23]} Bxc4 {[%emt 0:01:13]} 61. Nd7+ {[%emt 0:00:03]} Kd6 {[%emt 0:00:24]} 62. Nf6 {[%emt 0:01:09]} Bf7 {[%emt 0:00:26]} 63. Kf4 {[%emt 0:00:04]} b5 {[%emt 0:00:23]} 64. Ke3 {[%emt 0:01:01]} Ke5 {[%emt 0:00:26]} 65. Ne4 {[%emt 0:00:26]} Kd5 {[%emt 0:00:08]} 66. Nc3+ {[%emt 0:00:20]} Kc4 {[%emt 0:00:21]} 67. Kd2 {[%emt 0:00:01]} Be8 {[%emt 0:00:54]} 68. Ne4 {[%emt 0:00:14]} Kd4 {[%emt 0:00:18]} 69. Nf6 {[%emt 0:00:59]} Bg6 {[%emt 0:00:30]} 70. Nd7 {[%emt 0:00:25]} Be4 {[%emt 0:01:03]} 71. Nf6 {[%emt 0:00:20]} Bf3 {[%emt 0:00:07]} 72. Nd7 {[%emt 0:00:22]} b4 {[%emt 0:00:36]} 73. axb4 {[%emt 0:00:06]} cxb4 {[%emt 0:00:04]} 74. Kc1 {[%emt 0:00:12]} Be4 {[%emt 0:00:19]} 75. Nf6 {[%emt 0:00:19]} Bg6 {[%emt 0:01:20]} 76. Nd7 {[%emt 0:00:05]} a3 {[%emt 0:00:27]} 77. bxa3 {[%emt 0:00:06]} bxa3 {[%emt 0:00:03]} 78. Nb6 {[%emt 0:00:36]} Kc3 {[%emt 0:00:11]} 79. Na4+ {[%emt 0:00:10]} Kb4 {[%emt 0:00:05]} 0-1